000 00628nam a2200277Ia 4500
005 20260324143829.0
008 008 260324s9999 xx 000 0 eng d
020 _a9780203856185
037 _aEBOOK
040 _aCRL
040 _beng
040 _cCRL
041 _2eng
041 _aeng
084 _qCRL
100 _aJames Anderson
_91217090
245 0 _aCommunication Yearbook 13
260 _bTaylor and Francis
260 _c1990
365 _a
365 _b390
856 _uhttp://www.taylorfrancis.com/books/9780203856185
942 _cEBOOK
999 _c1822948
_d1822948